| 000 | 00671cam a2200193 a 4500 | ||
|---|---|---|---|
| 999 |
_c7296 _d7296 |
||
| 020 | _a1578700531 (pbk.) | ||
| 020 | _a9781578700530 | ||
| 050 | 0 | 0 |
_aTK5105.7 _b.C492 |
| 245 | 0 | 0 |
_aCisco IOS switching services / _cCisco Systems, Inc. |
| 260 |
_aIndianapolis, IN : _bMacmillan Technical Pub., _cc1998. |
||
| 300 |
_ax, 228 p. : _bill. ; _c24 cm. |
||
| 440 | 0 | _aCisco IOS reference library | |
| 500 | _aIncludes index. | ||
| 505 | _aPt. I. Cisco IOS Switching Paths PT. II. NetFlow Switching PT. III. Virtual LANs | ||
| 650 | 0 | _aLocal area networks (Computer networks) | |
| 650 | 0 | _aPacket switching (Data transmission) | |
| 710 | 2 | _aCisco Systems, Inc. | |
| 942 | _cBK | ||